00549 2200205 4500001002100000005001500021035002000036007000300056008004100059020001800100082001200118084001800130100002700148245004400175250001000219260004300229300002200272650003100294700001800325INLIS00000000000117420171213100713 a0010-1217000089ta171213 g 0 ind  a979-22-2766-0 a613.488 a613.488 RET b0 aRetno Ismari Tranggono1 aBuku Pegangan Ilmu Pengetahuan Kosmetik aCet.1 aJakarta :bGramediaPustakaUtama,c2007 a226hlm ;c17x24cm aKosmetika -Aspek Kesehatan0 aFatma Latifah